000 01428nam0a22003011 4500
001 rc\4180285
005 20250611122435.0
021 _aRU
_b[48-28457]
035 _a(NLR Aleph) 008189746
090 _a7968071
_c7968071
100 _a20130415d1948 |||y0rusy50 ca
101 0 _arus
102 _aRU
105 _ay z |||||
200 1 _aИзготовление формованных из пескоклеевой массы ПСК пуансонов для прессовой вытяжки и выколотки металлической обшивки
210 _a[Москва]
_cтип. ВИАМ
_d[1948]
215 _a5 с.
_d20
225 1 _aВсесоюзный ордена Ленина научно-исследовательский институт авиационных материалов. Временная инструкция
_v№ 228-48
300 _aВ конце текста сост.: д-р техн. наук Н.Н. Чулицкий. инж. И.И. Михалев
300 _aБез тит. л. и обл.
606 _aПуансоны из пескоклеевой массы
_xПроизводство
_2psbo
700 1 _aЧулицкий
_bН.Н.
_gНиколай Николаевич
_4220
701 1 _aМахалев
_bИ.И.
_gИван Иванович
_4220
801 0 _aRU
_bNLR
_gpsbo
801 1 _aRU
_bELAR
_2rusmarc
852 _aNLR
_jТ92 Г-4/246
942 _cBOOK
980 _aNB